Circadian physiology /

Bibliographic Details
Main Author: Refinetti, Roberto
Format: Book
Language:English
Published: Boca Raton : CRC Press/Taylor & Francis Group, 2006.
Edition:Second edition.
Subjects:

MARC

Tag First Indicator Second Indicator Subfields
LEADER 00000cam a22000004a 4500
001 in00004501513
005 20191203131512.0
008 050526s2006 flua b 001 0 eng
010 |a  2005050123 
016 7 |a 101249296  |2 DNLM 
016 7 |a 013279347  |2 Uk 
019 |a 60644850  |a 63176470 
020 |a 0849322332 (alk. paper) 
024 3 |a 9780849322334 
029 1 |a NLM  |b 101249296 
035 |a (OCoLC)ocm65535291 
035 |z (UtOrBLW)40386 
035 |a 58044 
040 |a DNLM/DLC  |c DLC  |d NLM  |d BAKER  |d UKM  |d C#P  |d TMV  |d UtOrBLW 
042 |a pcc 
049 |a TMVM  |c 1 
050 0 0 |a QP84.6  |b .R534 2006 
060 0 0 |a 2006 A-475 
060 1 0 |a QT 167  |b R332c 2006 
082 0 0 |a 571.7/7  |2 22 
100 1 |a Refinetti, Roberto. 
245 1 0 |a Circadian physiology /  |c Roberto Refinetti. 
250 |a Second edition. 
264 1 |a Boca Raton :  |b CRC Press/Taylor & Francis Group,  |c 2006. 
300 |a 667 pages :  |b illustrations ;  |c 28 cm. +  |e 1 CD-ROM (4 3/4 in.) 
336 |a text  |2 rdacontent  |b txt 
337 |a unmediated  |2 rdamedia 
338 |a volume  |2 rdacarrier  |b nc 
504 |a Includes bibliographical references and indexes. 
505 0 |a Early research on circadian rhythms -- Research methods in circadian physiology -- Analysis of circadian rhythmicity -- Ultradian and infradian rhythms -- Daily and circadian rhythms -- Endogenous mechanisms -- Photic environmental mechanisms -- Nonphotic environmental mechanisms -- Integration of mechanisms -- Homeostasis and circadian rhythmicity -- Receptors -- Pacemakers -- Afference and efference -- Optimal timing on earth and in space -- Jet lag and shift work -- Human medicine -- Pet selection and veterinary medicine 
650 0 |a Circadian rhythms. 
650 2 |a Circadian Rhythm  |x physiology. 
948 |a PO 11179 
999 |a MARS 
999 f f |s 7c0877b0-2bb4-35c3-aea3-c657c1ea5100  |i 86099ce7-de98-3b27-a704-c77582ba18eb  |t 0 
952 f f |p ric  |a Texas A&M University  |b Rellis Campus  |c Joint Library Facility  |d Remote Storage  |t 0  |e QT 167 R332c 2006  |h National Library of Medicine classification  |i unmediated -- volume  |m 3238901909304 
998 f f |a QT 167 R332c 2006  |t 0  |l Remote Storage